Responses for Show #3510 - Friday, December 3, 1999

Contestants

[<< previous game]

Liz Colker, a middle school teacher from Los Angeles, California

Todd O'Bryan, a graduate student originally from Louisville, Kentucky

Steven Wyatt, a locomotive engineer from Fort Wayne, Indiana (whose 1-day cash winnings total $10,400)

[next game >>]

Jeopardy! Round responses

COUNTRIES BY AREA
CARIBBEAN CUISINE
FICTIONAL BIG & LITTLE
MUSIC APPRECIATION
INVENTORS & INVENTIONS
"FF"
    $100 21
Canada

Steven
    $100 26
Avocado

Todd
    $100 8
Boris Badenov

Steven
    $100 3
Samson

Todd
    $100 1
Henry Ford

Steven
    $100 16
Caffeine

Steven
    $200 22
(S: What is Israel?)
(T: What is Lebanon?)

Egypt

StevenTodd
Triple Stumper
    $200 27
Plantains

Steven
    $200 9
Paul Bunyan

Steven
    $200 4
Oxford

Todd
    $200 2
Metronome

Liz
    $200 17
Midriff

Liz
    $300 23
(T: What is Greece?)
(S: What is Libya?)

Austria

StevenTodd
Triple Stumper
    $300 28
Rice

Todd
    $300 10
Tattoo

Todd
    $300 5
(S: Who was Mary?)

Victoria

Steven
Triple Stumper
    $300 13
Guglielmo Marconi

Todd
    $300 18
Box office

Liz
    $400 24
(Liz: What is Korea?)
(Alex: Be more specific.)
(Liz: North Korea?)
...
(Alex: Less than a minute.)

South Korea

StevenLiz
    $400 29
Conch

Steven
    $400 11
Lurch

Todd
    $400 6
Igor Stravinsky

Todd
    $400 14
Robert Fulton

Todd
    $400 19
Chaff

Todd
    $500 25
(T: What is India?)

Pakistan

ToddLiz
    $500 30
okra

Steven
    $500 12
Louie De Palma

Steven
    $500 7
Kublai Khan

Todd
    $500 15
Sequoyah

Triple Stumper
    $1,000 20
Flagstaff

Todd

Scores at the first commercial break (after clue 15):

Steven Todd Liz
$600 $2,600 $200

Scores at the end of the Jeopardy! Round:

Steven Todd Liz
$1,800 $3,400 $800

Double Jeopardy! Round responses

RIVER CROSSINGS
WHO PLAYED 'EM?
ROYAL LITERATURE
1960
BETTER KNOWN AS...
"F.F."
    $200 21
Delaware River

Liz
    $200 6
Mike Myers

Liz
    $200 26
(S: Who was Orestes?)

Oedipus

StevenLiz
    $200 11
(S: Who is Louis Armstrong?)

Benny Goodman

StevenTodd
    $200 16
The Beaver

Todd
    $200 1
Family Feud

Liz
    $400 22
(S: What is the Santa Fe Trail?)

Oregon Trail

StevenTodd
    $400 7
Liam Neeson

Liz
    $400 27
"The Emperor Jones"

Todd
    $400 12
John F. Kennedy & Richard Nixon

Steven
    $400 17
"Famous" Amos

Liz
    $400 2
Four Freedoms

Triple Stumper
    $600 23
Alexander the Great

Liz
    $600 8
Hugh Grant

Todd
    $600 28
"King Solomon's Mines"

Steven
    $600 13
Got married

Liz
    $600 18
Luke Perry

Steven
    $600 3
Fossil fuels

Todd
    $800 24
Stonewall Jackson

Steven
    $1,000 9
Gwyneth Paltrow

Todd
    $800 29
(S: What is "The Once and Future King?")

"The Man Who Would Be King"

Steven
Triple Stumper
    $800 14
(S: Who were the Maple Leafs?)

Montreal Canadiens

Steven
Triple Stumper
    $800 19
Maud Adams

Triple Stumper
    $800 4
Felix Frankfurter

Triple Stumper
    $2,200 25
(less than a minute to go...)

Mahatma Gandhi

Steven
    $1000 10
Ralph Fiennes

Liz
    $1000 30
The Faerie Queene

Liz
    $1000 15
Francis Gary Powers

Steven
    $1000 20
Connie Mack

Steven
    $1000 5
(Liz: Who is Fellini?)
...
(Alex: Since the category is "F.F.", you had to include both the first and the last names.)

Federico Fellini

ToddLiz

Scores at the end of the Double Jeopardy! Round:

Steven Todd Liz
$6,000 $7,800 $4,600

[wagering suggestions for these scores]

Final Jeopardy! Round responses

POLITICS
LizWho were the Rockefellers?
$4,599
StevenWho were the Rockefellers?
$3,300
ToddWho were the Rockefellers?
$4,201
Nelson & Winthrop Rockefeller

Final scores:

Steven Todd Liz
$9,300 $12,001 $9,199
2nd place: Gateway 466C Desktop Computer & Broyhill Computer Home Office Cabinet New champion: $12,001 3rd place: Yahoo! Shopping Gift Certificate/Shopping Spree

Game dynamics:

Coryat scores:

Steven Todd Liz
$4,800 $7,100 $4,600
17 R
(including 1 DD),
8 W
20 R
(including 2 DDs),
3 W
14 R,
2 W

Combined Coryat: $16,500

[game clues] [game scores] [suggest correction]

Game tape date: 1999-08-25
The J! Archive is created by fans, for fans. Scraping, republication, monetization, and malicious use prohibited; this site may use cookies and collect identifying information. See terms. The Jeopardy! game show and all elements thereof, including but not limited to copyright and trademark thereto, are the property of Jeopardy Productions, Inc. and are protected under law. This website is not affiliated with, sponsored by, or operated by Jeopardy Productions, Inc. Join the discussion at JBoard.tv.